000 00932nam a2200289 i 4500
003 DO-SdBNP
005 20240530073926.0
007 ta
008 091009s2019 dr 000 f spa d
020 _a9789945598221
040 _aDO-SdBNP
_bspa
_cBNPHU
_erda
082 4 _aRD863.44
_bP437c, 2019
_222
100 1 _aPereyra, Emilia,
_d1963-
_912303
_eautora
245 1 0 _aCóctel con frenesí /
_cEmilia Pereyra.
250 _a3a. ed.
264 _aSanto Domingo :
_bSantuario,
_c2019
300 _a174 páginas ;
_c23 cm.
336 _2rdacontent
_atexto
_btxt
337 _2rdamedia
_asin mediación
_bn
338 _2rdacarrier
_avolumen
_bnc
500 _aIncluye datos biográficos de la autora en la solapa de la cubierta.
590 _aInventariado, 2021/LP
650 0 _aNovela dominicana
_9223
650 0 _aLiteratura dominicana.
_967
910 _aLopérez.Validado. Control de calidad MMOLINA
942 _2ddc
_cLBS1
999 _c51044
_d51044